| 000 | 00589cab a2200217 4500 | ||
|---|---|---|---|
| 001 | WB2316-60 | ||
| 008 | 090401t1987 xxu||||| |||| 00| 0 eng d | ||
| 035 | _a(Sirsi) u64154 | ||
| 041 | _aeng | ||
| 245 | _aRelocation in the North | ||
| 260 | _c1987 | ||
| 350 | _a0 | ||
| 490 |
_aDaily Telegraph _v21/4/87 p19-22 (4) Loan |
||
| 520 | _aA special report on opportunities for industrial development in the North. | ||
| 650 | _aMERSEYSIDE | ||
| 650 | _aNORTH OF ENGLAND | ||
| 650 | _aSCOTTISH DEVELOPMENT AGENCY | ||
| 690 | _aSPECIAL REPORTS | ||
| 942 | _n0 | ||
| 948 | _c04/03/1997 | ||
| 999 |
_c39942 _d39942 |
||